| 000 | 00786nam a22002057a 4500 | ||
|---|---|---|---|
| 999 |
_c7863 _d7863 |
||
| 001 | 21317 | ||
| 003 | BD-DhUAP | ||
| 005 | 20211122110448.0 | ||
| 008 | 211118b20202020bg a|||| |||| 001 0cben d | ||
| 020 | _a9789848179093 | ||
| 040 |
_aBD-DhUAP _bBD-DhUAP _cben _dBD-DhUAP _eBD-DhUAP |
||
| 082 |
_223 _a954.9205092 AKT |
||
| 100 | _aআক্তার, সুমী । | ||
| 245 |
_aবঙ্গবন্ধু ও আগরতলা মামলা / _bসুমী আক্তার । |
||
| 260 |
_aঢাকা : _bতাম্রলিপি, _c২০২০ । |
||
| 300 |
_a১০৩ পৃষ্ঠা : _bচিত্র ; _c২১ সে.মি. । |
||
| 600 |
_aMujibur Rahman, Sheikh, _d(1920-1975) । |
||
| 650 |
_aBangladesh _xPolitics and government _y1975 |
||
| 942 |
_2ddc _cBK |
||